00353pab a2200133 454500008004000000100001700040245006700057260000900124300001300133362000800146650001800154700001800172773002900190180718b2001 xxu||||| |||| 00| 0 eng d aAthey, Susan aOrganizational design: decision rights and incentive contracts c2001 ap.200-05 aMay aOrganizations aRoberts, John aAmerican Economic Review